000 01219nam a22003257a 4500
003 CHAP
005 20220329142256.0
008 000428d1998 mx r o10110 spa d
010 _a80942
011 _a81914
020 _a9688207365
035 _a92398
040 _cCHAP
090 _aFolleto 15755
100 0 0 _aZedillo Ponce de León, Ernesto.
_9123853
245 1 0 _aEl progresa no es una divisa política, ni propaganda del gobierno de la república o de los gobiernos estatales o municipales
_c/por Ernesto Zedillo Ponce de León
260 _aMéxico, D.F. :
_bPresidencia de la Republica,
_c1998
300 _a15 p.
590 _aBATCH-UPD
_b10
_c20130110
_lUCH01
_h0551
590 _aBATCH-UPD
_b10
_c20130110
_lUCH01
_h2300
590 _aBATCH-UPD
_b10
_c20130410
_lUCH01
_h0232
590 _aBATCH-UPD
_b10
_c20130914
_lUCH01
_h1701
590 _aCONVERSION
_b10
_c20130109
_lUCH01
_h1345
650 1 4 _aJalisco
_xCondiciones sociales
_xDiscursos, ensayos y conferencias.
_960961
650 1 4 _aJalisco
_xPolítica y gobierno
_xDiscursos, ensayos y conferencias.
_960973
901 _aBK
905 _aMarco A. Mendoza T.
942 _cFOLL
949 _aFolleto 15755
_bBC
_cFOLL
_d923981
_eTS1
_i92398
_kDonaciØn
_sb
999 _c80942
_d80942